| 000 | 00407 a2200121 4500 | ||
|---|---|---|---|
| 245 |
_aSpain in the Middle Ages _b : from frontier to empire, 1000-1500 _hprint |
||
| 020 | _a0333128168 : | ||
| 005 | 20191021112923.0 | ||
| 260 |
_aenk _bMacmillan _c1977 |
||
| 084 | _aDP99 .M23 | ||
| 300 |
_axviii, 245 p. : graph, maps _b 23 cm. _cxviii, 245 p. : graph, maps ; 23 cm. |
||
| 500 | _aAngus MacKay. | ||
| 490 | _aNew studies in medieval history | ||
| 999 |
_c13309 _d13309 |
||